| Tag |
First Indicator |
Second Indicator |
Subfields |
| LEADER |
00000pam a2200000 a 4500 |
| 001 |
in00000087360 |
| 005 |
20151008062924.0 |
| 008 |
820209s1981 maua b 00000beng |
| 010 |
|
|
|a 81068357
|
| 020 |
|
|
|a 0807063606 :
|c $14.50
|
| 020 |
|
|
|a 0807063614 (pbk.) :
|c $8.25
|
| 035 |
|
|
|a (OCoLC)08222489
|
| 035 |
|
|
|9 AAK1207AM
|
| 039 |
0 |
|
|a 2
|b 3
|c 3
|d 3
|e 3
|
| 040 |
|
|
|a DLC
|c DLC
|d TXA
|d UtOrBLW
|
| 049 |
|
|
|a TXAM
|c [1561827]
|
| 050 |
0 |
0 |
|a PS3552 L9
|b Z8 1981
|
| 082 |
0 |
|
|a 811/.54
|2 19
|
| 245 |
0 |
0 |
|a Of solitude and silence :
|b writings on Robert Bly /
|c edited by Richard Jones and Kate Daniels.
|
| 264 |
|
1 |
|a Boston :
|b Beacon Press,
|c [1981]
|
| 264 |
|
4 |
|c ©1981
|
| 300 |
|
|
|a x, 278 pages :
|b illustrations ;
|c 21 cm.
|
| 336 |
|
|
|a text
|b txt
|2 rdacontent
|
| 337 |
|
|
|a unmediated
|b n
|2 rdamedia
|
| 338 |
|
|
|a volume
|b nc
|2 rdacarrier
|
| 504 |
|
|
|a Bibliography: pages 268-276.
|
| 600 |
1 |
0 |
|a Bly, Robert.
|
| 600 |
1 |
0 |
|a Bly, Robert.
|k in fiction, drama, poetry, etc.
|
| 650 |
|
0 |
|a Poets, American
|y 20th century
|v Biography.
|
| 700 |
1 |
|
|a Jones, Richard,
|d 1953-
|
| 700 |
1 |
|
|a Daniels, Kate,
|d 1953-
|
| 700 |
1 |
|
|a Bly, Robert.
|
| 999 |
|
|
|a MARS
|
| 999 |
f |
f |
|s b8febd1f-5d04-3e2b-8284-7492cafed247
|i 2ccb95a1-454a-35d8-afcd-cd8fb926f89e
|t 0
|
| 952 |
f |
f |
|p ric
|a Texas A&M University
|b Rellis Campus
|c Joint Library Facility
|d Remote Storage
|t 0
|e PS3552 L9 Z8 1981
|h Library of Congress classification
|i unmediated -- volume
|m A14805983103
|
| 998 |
f |
f |
|a PS3552 L9 Z8 1981
|t 0
|l Remote Storage
|